History Quiz

Random History or Decade Quiz

Historical Events of 1916 Quiz Stats

 Plays Quiz Updated Dec 29, 2018

     
Support Sporcle.
Go Orange.
Score 0/15 Timer 06:00
0 Plays Today
Question Answer % Correct
This Russian communist revolutionary urges socialists across Europe to revolt against the bourgeoisieVladimir Lenin
85.3%
This comic actor is signed by the Mutual film company, releasing films such as The Vagabond & The FloorwalkerCharlie Chaplin
82.4%
This Munich-based German automobile company is foundedBMW
75.8%
Louis Brandeis is appointed to the US Supreme Court after being nominated by this President Woodrow Wilson
74.4%
This future German chancellor is wounded in the thigh by an exploding shell while fighting in FranceAdolf Hitler
73.1%
This future slugger pitches 13 shutout innings in the World Series, as the Red Sox defeat the Brooklyn RobinsBabe Ruth
71.6%
This fighter pilot, considered the premier flying ace of WWI, wins his first aerial combatThe Red Baron
71.5%
WWI's Battle of Jutland, between British and German naval forces, takes place in this seaNorth Sea
70.6%
Question Answer % Correct
Margaret Sanger opens America's first birth control clinic in this New York boroughBrooklyn
68.9%
This huge WWI battle, named after a French river, begins in summer and lasts through NovemberBattle of the Somme
67.8%
The Easter Rising marks the beginning of the revolutionary period of this countryIreland
65%
This man, namesake of a major college football award, coaches Georgia Tech to an incredible 222-0 victoryJohn Heisman
52.2%
Belgian forces take over Kigali, then part of German East Africa, but now this country's capitalRwanda
47.2%
This battle, the longest in WWI, begins on the Western Front between the German & French armiesBattle of Verdun
45.1%
This politician replaces H.H. Asquith as British Prime MinisterDavid Lloyd George
38.5%

From the Vault

Silent Letters A-Z

by LTH

Sporcle trivia for ya, originally the name was Spqorcle, but the 'Q' was silent.
Remove Ads.
Support Sporcle.
Get the best of Sporcle when you Go Orange. This ad-free experience offers more features, more stats, and more fun while also helping to support Sporcle. Thank you for becoming a member.

Show Comments

Extras

Top Quizzes Today


Score Distribution

Your Account Isn't Verified!

In order to create a playlist on Sporcle, you need to verify the email address you used during registration. Go to your Sporcle Settings to finish the process.

Report this User

Report this user for behavior that violates our Community Guidelines.

Details: